| 000 | 00601nam a2200217 a 4500 | ||
|---|---|---|---|
| 999 |
_c1510 _d1510 |
||
| 003 | PK-NaQUE | ||
| 005 | 20250925134143.0 | ||
| 008 | 250925b ||||| |||| 00| 0 eng d | ||
| 020 | _a0070067708 (hardcover) | ||
| 020 | _a9780070067707 (hardcover) | ||
| 040 | _cQUEST | ||
| 100 | 1 | _aBowles, Joseph E. | |
| 245 | 1 | 0 | _aFoundation Analysis and Design / |
| 250 | _a3rd ed. | ||
| 260 |
_a[S.l.] : _bMcGraw-Hill, _c1982. |
||
| 300 | _a816 p. ; | ||
| 650 | _aSoil mechanics | ||
| 650 | _aSoil mechanics | ||
| 856 | 4 | 0 |
_uhttp://10.10.170.122:8080/browse/book/21318 _yDownload eBook |
| 942 |
_cBK _2ddc |
||